[Event "Ufa Siamidi Memorial op"]
[Site "Ufa"]
[Date "2008.09.19"]
[Round "8"]
[White "Idrisova, Roza"]
[Black "Shemagonov, Vladimir Svyatoslav"]
[Result "1/2-1/2"]
[WhiteElo "2082"]
[BlackElo "2232"]
[PlyCount "66"]
[EventDate "2008.09.12"]
[EventType "swiss"]
[EventRounds "9"]
[EventCountry "RUS"]
[SourceTitle "EXT 2022"]
[Source "ChessBase"]
[SourceDate "2021.10.06"]
[SourceVersion "1"]
[SourceVersionDate "2021.10.06"]
[SourceQuality "1"]

1. d4 Nf6 2. c4 g6 3. Nc3 d5 4. cxd5 Nxd5 5. e4 Nxc3 6. bxc3 Bg7 7. Qa4+ Qd7 8. Qxd7+ Nxd7 9. Nf3 c6 10. Bc4 f6 11. a4 e5 12. Ba3 Bf8 13. Bb2 Bd6 14. Bb3 Ke7 15. 0-0 Re8 16. Rad1 b6 17. Rd2 Bb7 18. dxe5 Nxe5 19. Nxe5 fxe5 20. c4 Rad8 21. Rfd1 Bc7 22. Ba3+ c5 23. f3 Rxd2 24. Rxd2 Rd8 25. Rxd8 Bxd8 26. a5 Kd6 27. axb6 axb6 28. Kf2 Bc8 29. Ba4 Bg5 30. Ke2 Bf4 31. g3 Bg5 32. Bb5 Bh3 33. Bb2 Bh6 1/2-1/2

[Event "Ufa Siamidi Memorial op"]
[Site "Ufa"]
[Date "2008.09.18"]
[Round "7"]
[White "Shemagonov, Vladimir Svyatoslav"]
[Black "Glidzhain, Gor Mikhailovich"]
[Result "1/2-1/2"]
[WhiteElo "2232"]
[BlackElo "2171"]
[PlyCount "54"]
[EventDate "2008.09.12"]
[EventType "swiss"]
[EventRounds "9"]
[EventCountry "RUS"]
[SourceTitle "EXT 2022"]
[Source "ChessBase"]
[SourceDate "2021.10.06"]
[SourceVersion "1"]
[SourceVersionDate "2021.10.06"]
[SourceQuality "1"]

1. g3 e5 2. Bg2 d5 3. c4 d4 4. e3 Nc6 5. exd4 Nxd4 6. d3 Nf6 7. Nf3 Bg4 8. 0-0 Bd6 9. Be3 0-0 10. Bxd4 exd4 11. Nbd2 Qd7 12. Qb3 c5 13. Ng5 Rae8 14. Rfe1 b6 15. Nge4 Nxe4 16. Bxe4 h6 17. Qb5 Qc7 18. Qc6 Qxc6 19. Bxc6 Re2 20. Red1 Rc8 21. Bg2 Rce8 22. Kf1 R2e7 23. Bf3 Bf5 24. Be4 Bh3+ 25. Bg2 Bg4 26. Bf3 Bh3+ 27. Bg2 Bg4 1/2-1/2

[Event "RUS-ch2 corr 9499"]
[Site "RCCA"]
[Date "1997.??.??"]
[Round "?"]
[White "Konstantinov, Vitaly Aleksandrovi"]
[Black "Shemagonov, Vladimir Svyatoslav"]
[Result "1-0"]
[WhiteElo "2450"]
[BlackElo "2320"]
[PlyCount "63"]
[EventDate "1994.??.??"]
[EventType "tourn (corr)"]
[EventRounds "12"]
[EventCountry "RUS"]
[SourceTitle "Corr 2011"]
[Source "ChessBase"]
[SourceDate "2010.08.31"]
[SourceVersion "1"]
[SourceVersionDate "2010.08.31"]
[SourceQuality "1"]

1. c4 Nf6 2. Nc3 g6 3. d4 d5 4. cxd5 Nxd5 5. e4 Nxc3 6. bxc3 Bg7 7. Nf3 c5 8. Rb1 0-0 9. Be2 cxd4 10. cxd4 Qa5+ 11. Bd2 Qxa2 12. 0-0 b6 13. Qc1 Qe6 14. Re1 Ba6 15. Bd1 Qc8 16. Qa3 e6 17. Bf4 Nc6 18. Rc1 Bb5 19. Bb3 Qd7 20. d5 exd5 21. Bxd5 Rac8 22. Red1 Na5 23. Ne5 Rxc1 24. Rxc1 Bxe5 25. Bxe5 Bc6 26. Qf3 Qe7 27. Bf6 Qd6 28. Bb2 Bxd5 29. exd5 Nb7 30. Rc7 Qb4 31. Qe2 Nd6 32. Qe5 1-0

[Event "RUS-ch2 corr 9499"]
[Site "RCCA"]
[Date "1997.??.??"]
[Round "?"]
[White "Shemagonov, Vladimir Svyatoslav"]
[Black "Bragin, Aleksandr Borisovic"]
[Result "0-1"]
[WhiteElo "2320"]
[BlackElo "2540"]
[PlyCount "82"]
[EventDate "1994.??.??"]
[EventType "tourn (corr)"]
[EventRounds "12"]
[EventCountry "RUS"]
[SourceTitle "Corr 2011"]
[Source "ChessBase"]
[SourceDate "2010.08.31"]
[SourceVersion "1"]
[SourceVersionDate "2010.08.31"]
[SourceQuality "1"]

1. e4 c5 2. Nf3 e6 3. d4 cxd4 4. Nxd4 a6 5. Nc3 Qc7 6. g3 Nf6 7. Bg2 Be7 8. 0-0 0-0 9. a4 Nc6 10. Nb3 b6 11. f4 Bb7 12. Be3 Rab8 13. Qe2 Nb4 14. Qf2 Ng4 15. Bxb6 Qc6 16. Na5 Qc8 17. Qe2 Bc5+ 18. Kh1 Bxb6 19. Nxb7 Rxb7 20. a5 Ba7 21. e5 Ne3 22. Bxb7 Qxb7+ 23. Qf3 Qxf3+ 24. Rxf3 f6 25. exf6 gxf6 26. Rc1 d5 27. Na4 Nbxc2 28. Rf2 Rc8 29. Nb6 Rc6 30. f5 Bxb6 31. axb6 e5 32. Rfxc2 Nxc2 33. b7 Rb6 34. Rxc2 Rxb7 35. Kg1 Kg7 36. Kf2 Kh6 37. Rd2 d4 38. Kf3 Kg5 39. Ke4 Rb3 40. Re2 Kg4 41. Rf2 Re3+ 0-1